000096304 001__ 96304
000096304 005__ 20201120151203.0
000096304 037__ $$aTAZ-TFG-2020-4477
000096304 041__ $$aspa
000096304 1001_ $$aSara Elena Barreras Calderón
000096304 24200 $$aSelf-protection Scheme. Digitized Management
000096304 24500 $$aPlan de Autoprotección.  Gestión digitalizada
000096304 260__ $$aZaragoza$$bUniversidad de Zaragoza$$c2020
000096304 506__ $$aby-nc-sa$$bCreative Commons$$c3.0$$uhttp://creativecommons.org/licenses/by-nc-sa/3.0/
000096304 520__ $$aDurante el desarrollo de este trabajo se ha elaborado el Plan de Autoprotección de una empresa situada en una nave de un Polígono Industrial de Zaragoza, según se establece en el RD 393_2007 Norma Básica de Autoprotección.  En cada fase se generan documentos (registros, informes…) que se gestionan mediante un sistema tradicional de documentos en formato papel.  Sobre una metodología tradicional se aplica un proceso de digitalización cuyo principal resultado es un proceso digitalizado de implantación y mantenimiento de un Plan de Autoprotección, transferible a cualquier otra empresa o proceso.  A continuación, se ha realizado el estudio de la eficacia del uso de un software como un sistema de información que integre los procesos de gestión de los recursos necesarios en la implantación y mantenimiento de dicho Plan, sustituyendo así el sistema tradicional en papel.  La digitalización de esta gestión aportará mejoras adicionales que ayudarán en el proceso de toma de decisiones de la empresa, que se encuentra inmersa en un proceso de actualización de todas sus áreas siguiendo la iniciativa “Aragón industria 4.0” dentro del marco definido en la Ley de regulación y fomento de la actividad industrial de Aragón.  Para ello se usará una herramienta ya implantada en la empresa para otras áreas de gestión y se pretende ampliarla para esta digitalización.<br /><br />
000096304 521__ $$aGraduado en Ingeniería de Organización Industrial
000096304 540__ $$aDerechos regulados por licencia Creative Commons
000096304 700__ $$aAna Lucía Esteban Sánchez$$edir.
000096304 7102_ $$aUniversidad de Zaragoza$$b $$c
000096304 8560_ $$f601159@unizar.es
000096304 8564_ $$s5192258$$uhttps://zaguan.unizar.es/record/96304/files/TAZ-TFG-2020-4477.pdf$$yMemoria (spa)
000096304 909CO $$ooai:zaguan.unizar.es:96304$$pdriver$$ptrabajos-fin-grado
000096304 950__ $$a
000096304 951__ $$adeposita:2020-11-20
000096304 980__ $$aTAZ$$bTFG$$cALM
000096304 999__ $$a20201104120706.CREATION_DATE